000 01141cam a2200361 i 4500
001 32165
003 KOSZ 005
005 20220921140115.0
008 140122s1997 pl a |001 0 pol
015 _aPB 2014/5097
020 _a8386218835
040 _aWA N
_cWA N
_dKOSZ 005/HR
046 _k1997
080 _a336.763(438)
100 1 _aBień, Witold
_d(1927-2018)
_eAutor
245 1 0 _aRynek papierów wartościowych /
_cWitold Bień.
250 _aWyd. 3. zaktualizowane i rozsz.
260 _aWarszawa :
_bCentrum Doradztwa i Informacji Difin,
_c1997.
300 _a337 s. :
_bil. ;
_c24 cm.
336 _2rdacontent
_aTekst
_btxt
337 _2rdamedia
_aBez urządzenia pośredniczącego
_bn
338 _2rdacarrier
_aWolumin
_bnc
380 _aKsiążki
388 _a1901-2000
388 _a1989-2000
504 _aIndeks.
650 4 _aRynek kapitałowy
651 7 _aPolska
658 _aGospodarka, ekonomia, finanse
710 2 _aDifin
_4pbl.
856 _uhttp://koha.tu.koszalin.pl/cgi-bin/koha/opac-detail.pl?biblionumber=32165
_yKatalog online BPK
942 _2UKD
_cKS
999 _c32165
_d32165